| 000 | 00551nam a2200193 i 4500 | ||
|---|---|---|---|
| 001 | 79194 | ||
| 003 | ES-MaACL | ||
| 007 | t| | ||
| 008 | 041020s1980 sp ||||1| spa d | ||
| 020 | _a84-7490-044-1 | ||
| 100 | 1 |
_aHernández Lafuente, Adolfo. _962975 |
|
| 245 | 1 | 0 |
_aAutonomía e integración en la Segunda República / _cAdolfo Hernández Lafuente. |
| 260 |
_aMadrid : _bEncuentro, _c[1980] |
||
| 300 |
_a392 p. ; _c23 cm. |
||
| 490 | 1 | _aNereo | |
| 830 | 0 |
_aNereo _9183619 |
|
| 852 |
_aES-MaACL _jL-9816 _bR.111918 |
||
| 999 |
_c79194 _d79194 |
||